Price formation ant the performance of agro-food systems.
Guardado en:
| Autor Corporativo: | |
|---|---|
| Formato: | Libro |
| Idioma: | English |
| Publicado: |
Paris : Washington, D.C :
Organisation for Economic Co-operation and Development ; OECD Publications and Information Center,
c1982.
|
| Series: | Agricultural products and markets
|
| Etiquetas: |
Agregar Etiqueta
Sin Etiquetas, Sea el primero en etiquetar este registro!
|
| LEADER | 00633nam a22001575a 4500 | ||
|---|---|---|---|
| 001 | EEA.libagro004231 | ||
| 005 | 20190319101123.0 | ||
| 008 | 130809s1982####fr############000#0#eng#d | ||
| 020 | |a 9264123881 | ||
| 082 | 0 | 4 | |a 338.13 |
| 245 | 1 | 0 | |a Price formation ant the performance of agro-food systems. |
| 260 | |a Paris : |b Organisation for Economic Co-operation and Development ; |a Washington, D.C : |b OECD Publications and Information Center, |c c1982. | ||
| 300 | |a 36 p. ; |c 24 cm. | ||
| 490 | 1 | |a Agricultural products and markets | |
| 710 | 2 | |a Organisation for Economic Co-operation and Development. | |
| 859 | |a AR-BbBCA |b BIB. AGRONOMIA |h 338.13 |i O15 |p 1989/1472 | ||
